Second Most Common Language by Country #1 - Statistics

General Stats
  • This quiz has been taken 741 times
    674 since last reset
  • The average score is 12 of 21
Answer Stats
Country Language % Correct
Canada French
97%
Brazil Spanish
93%
Kazakhstan Russian
91%
Monaco Italian
84%
Finland Swedish
79%
Israel Arabic
75%
Germany Turkish
58%
Japan Korean
56%
Qatar English
55%
Uruguay Portuguese
52%
New Zealand Maori
51%
Algeria French
48%
Afghanistan Pashto
42%
Mozambique Portuguese
42%
Romania Hungarian
40%
Australia Mandarin
39%
Spain Catalan
38%
Ethiopia Amharic
30%
United Kingdom Polish
29%
Somalia Arabic
28%
Argentina Italian
27%
No matching quizzes found
Score Distribution
Percent of People with Each Score
Percentile by Number Answered
Your Score History
You have not taken this quiz since the last reset